00306 a2200109 450000100060000004000220000610000430002824000520007124500470012336200090017065000170017964539 cAnchieta - Pituba aPIMENTEL, Sizínia Maria Nunes Coelho10a1ª Avaliação de Matemática, 6º anolpor10a1ª Avaliação de Matemática, 6º ano0 a2018 4aMatemática